[Event "29. Torneo Collado Villalba 2012"]
[Site "Collado Villalba ESP"]
[Date "2012.08.28"]
[Round "5.23"]
[White "Gonzalez Mateo, Jose Luis"]
[Black "Hernandez Yañez, Javier"]
[Result "0-1"]
[WhiteElo "1781"]
[BlackElo "1952"]
[PlyCount "96"]
[EventDate "2012.08.24"]
[EventType "swiss"]
[EventRounds "9"]
[EventCountry "ESP"]
[Source "lmi"]
[SourceDate "2012.08.24"]

1. d4 Nf6 2. Bg5 c5 3. Bxf6 exf6 4. d5 d6 5. c4 g6 6. Nc3 Bg7 7. e3 a6 8. Bd3
f5 9. Qb3 O-O 10. Nf3 Nd7 11. h4 Ne5 12. Nxe5 Bxe5 13. h5 Bd7 14. hxg6 fxg6 15.
O-O-O b5 16. Bb1 Qf6 17. Ne2 bxc4 18. Qc2 Rab8 19. Nc3 Rb7 20. f4 Bxc3 21. Qxc3
Qxc3+ 22. bxc3 Rfb8 23. Bc2 Rb2 24. Kd2 Ba4 25. Rc1 Rxa2 26. Kd1 Rbb2 27. Bxa4
Rxa4 28. Rg1 Raa2 29. g4 fxg4 30. Rxg4 Rd2+ 31. Ke1 Re2+ 32. Kf1 Rf2+ 33. Kg1
Kf7 34. Rb1 Rfb2 35. Rf1 Kf6 36. f5 g5 37. e4 Re2 38. Rb1 h5 39. e5+ Rxe5 40.
Rxc4 Rxd5 41. Re4 Kxf5 42. Re8 Re5 43. Rf1+ Kg4 44. Rd8 Ree2 45. Rd1 Rg2+ 46.
Kf1 Rh2 47. Kg1 Rag2+ 48. Kf1 h4 0-1

[Event "29. Torneo Collado Villalba 2012"]
[Site "Collado Villalba ESP"]
[Date "2012.08.28"]
[Round "5.24"]
[White "Gutierrez Mordini, Pablo"]
[Black "Anula Nieto, Carlos"]
[Result "0-1"]
[WhiteElo "1690"]
[BlackElo "1900"]
[PlyCount "90"]
[EventDate "2012.08.24"]
[EventType "swiss"]
[EventRounds "9"]
[EventCountry "ESP"]
[Source "lmi"]
[SourceDate "2012.08.24"]

1. d4 Nf6 2. c4 e6 3. Nc3 Bb4 4. Bg5 d5 5. e3 c5 6. Bxf6 Qxf6 7. cxd5 exd5 8.
Nf3 Bg4 9. Be2 O-O 10. O-O Bxc3 11. bxc3 cxd4 12. cxd4 Nd7 13. h3 Be6 14. Rb1
Rfb8 15. Qd2 Nb6 16. Ne5 Qd8 17. f4 Bf5 18. Bd3 Bxd3 19. Qxd3 f6 20. Nf3 Qe7
21. Nd2 Re8 22. Kf2 Rac8 23. Rfc1 Rcd8 24. Rb3 Rc8 25. Rbc3 Rxc3 26. Rxc3 Rc8
27. Rxc8+ Nxc8 28. Qf5 Nb6 29. e4 g6 30. Qg4 dxe4 31. Nb3 f5 32. Qg5 Qxg5 33.
fxg5 Nd5 34. Na5 b5 35. Nc6 a6 36. a3 Kf7 37. Na5 Ke6 38. Nb7 Ke7 39. Nc5 a5
40. Nb3 a4 41. Nc5 b4 42. axb4 a3 43. b5 a2 44. Nb3 Kd6 45. g4 f4 0-1

[Event "29. Torneo Collado Villalba 2012"]
[Site "Collado Villalba ESP"]
[Date "2012.08.28"]
[Round "5.25"]
[White "Rodriguez De Robles, Ignacio"]
[Black "Herrero Corada, Jose Ignacio"]
[Result "1/2-1/2"]
[WhiteElo "1931"]
[BlackElo "1850"]
[PlyCount "56"]
[EventDate "2012.08.24"]
[EventType "swiss"]
[EventRounds "9"]
[EventCountry "ESP"]
[Source "lmi"]
[SourceDate "2012.08.24"]

1. e4 e6 2. Nf3 d5 3. Nc3 dxe4 4. Nxe4 Nf6 5. Ng3 c5 6. Bc4 a6 7. O-O Nc6 8.
Re1 Be7 9. a3 O-O 10. d3 Bd7 11. h4 Nd5 12. Ne4 Bxh4 13. Nxc5 Be7 14. b4 b5 15.
Bb3 a5 16. Bxd5 exd5 17. Nb7 Qb6 18. Nxa5 Bf6 19. Nxc6 Qxc6 20. d4 Bf5 21. Ne5
Qc3 22. Bf4 Rxa3 23. Rxa3 Qxa3 24. c4 Be4 25. Re3 Qxb4 26. Rb3 Qe7 27. Rxb5
Bxe5 28. dxe5 Qd7 1/2-1/2

[Event "29. Torneo Collado Villalba 2012"]
[Site "Collado Villalba ESP"]
[Date "2012.08.29"]
[Round "6.1"]
[White "Roa Alonso, Santiago"]
[Black "Arribas Lopez, Angel"]
[Result "1-0"]
[WhiteElo "2426"]
[BlackElo "2467"]
[PlyCount "149"]
[EventDate "2012.08.24"]
[EventType "swiss"]
[EventRounds "9"]
[EventCountry "ESP"]
[Source "lmi"]
[SourceDate "2012.08.24"]

1. d4 Nf6 2. c4 g6 3. Nc3 Bg7 4. e4 d6 5. Nf3 O-O 6. Be2 Nbd7 7. O-O e5 8. Be3
Re8 9. d5 Nh5 10. g3 Bf8 11. Ne1 Ng7 12. Nd3 Be7 13. Qd2 a5 14. f4 exf4 15.
gxf4 Bf6 16. Bf3 c6 17. Kh1 a4 18. a3 Nb6 19. Bxb6 Qxb6 20. e5 dxe5 21. Ne4
cxd5 22. Qb4 Qd8 23. Nxf6+ Qxf6 24. fxe5 Qh4 25. cxd5 Qxb4 26. axb4 Bf5 27. Nc5
Rxe5 28. d6 Ne6 29. Rae1 Rxc5 30. bxc5 Nxc5 31. Re5 Nd7 32. Re7 Ra6 33. Rd1 Rb6
34. Rd2 Kf8 35. Bd1 Rxd6 36. Rxf7+ Kxf7 37. Rxd6 b5 38. Kg1 Be6 39. Be2 b4 40.
Bc4 Bxc4 41. Rxd7+ Ke6 42. Rd4 Bb3 43. Rxb4 Kf5 44. Kf2 g5 45. Kg3 Kg6 46. Rb6+
Kh5 47. Rd6 h6 48. Kf2 Bc2 49. Rf6 Bb3 50. Ke3 Bc2 51. Kd2 Bb3 52. Ra6 g4 53.
Ke3 Kg5 54. Ra5+ Kh4 55. Kf4 h5 56. Rc5 Bd1 57. Rc3 Bf3 58. Rc5 Bd1 59. Ra5 Bc2
60. Ke3 Bb3 61. Kd2 Bf7 62. Rxa4 Kh3 63. Rf4 Be8 64. Rf8 Bg6 65. Rf2 h4 66. Rf6
Be4 67. Ke3 Bb7 68. Rh6 g3 69. hxg3 Kxg3 70. Rg6+ Kh2 71. Kf2 h3 72. Rh6 Bc8
73. b4 Bd7 74. Rh5 Be8 75. Re5 1-0

[Event "29. Torneo Collado Villalba 2012"]
[Site "Collado Villalba ESP"]
[Date "2012.08.29"]
[Round "6.2"]
[White "Pascual Palomo, Lucia"]
[Black "Vazquez Igarza, Renier"]
[Result "0-1"]
[WhiteElo "2120"]
[BlackElo "2570"]
[PlyCount "116"]
[EventDate "2012.08.24"]
[EventType "swiss"]
[EventRounds "9"]
[EventCountry "ESP"]
[Source "lmi"]
[SourceDate "2012.08.24"]

1. e4 c5 2. Nf3 d6 3. d4 cxd4 4. Nxd4 Nf6 5. Nc3 a6 6. Be2 e6 7. O-O Be7 8. Be3
O-O 9. a4 Nc6 10. Nb3 b6 11. Qd2 Rb8 12. f3 Qc7 13. Rfd1 Re8 14. Bf1 Bf8 15.
Qf2 Ne5 16. h3 Nfd7 17. Nd2 Bb7 18. f4 Ng6 19. Be2 Nc5 20. h4 Ne7 21. g4 Nc6
22. Bf3 Nb4 23. Nf1 d5 24. exd5 exd5 25. Nxd5 Nxd5 26. Bxd5 Bxd5 27. Rxd5 Qc6
28. Rd4 Rbc8 29. Qg2 Ne4 30. c3 Bc5 31. Rd3 Qf6 32. Qh2 Qg6 33. Qe2 Nf6 34. f5
Qxg4+ 35. Qxg4 Nxg4 36. Bxc5 Rxc5 37. Ng3 Ne5 38. Re3 Rd8 39. b4 Rcd5 40. Ne4
Nc4 41. Rf3 f6 42. Rf2 Kf7 43. Ng3 Rd3 44. Ne2 R8d5 45. Rc1 Re5 46. Nf4 Rg3+
47. Kh2 Ree3 48. Rd1 Ne5 49. Rfd2 Rg4 50. Ng2 Rxc3 51. Rd6 Rc2 52. R6d2 Rxd2
53. Rxd2 Nf3+ 54. Kh3 Rxh4+ 55. Nxh4 Nxd2 56. Kg3 Nc4 57. Nf3 Nb2 58. b5 a5 0-1

[Event "29. Torneo Collado Villalba 2012"]
[Site "Collado Villalba ESP"]
[Date "2012.08.29"]
[Round "6.3"]
[White "Moreno Ruiz, Javier"]
[Black "Lopez Mulet, Iñigo"]
[Result "1-0"]
[WhiteElo "2498"]
[BlackElo "1960"]
[PlyCount "73"]
[EventDate "2012.08.24"]
[EventType "swiss"]
[EventRounds "9"]
[EventCountry "ESP"]
[Source "lmi"]
[SourceDate "2012.08.24"]

1. d4 Nf6 2. c4 c5 3. d5 g6 4. Nc3 d6 5. e4 Bg7 6. h3 Na6 7. Bd3 Nc7 8. Nf3 O-O
9. O-O a6 10. a4 b6 11. Bf4 Rb8 12. e5 Nfe8 13. Re1 Bd7 14. Qe2 Rb7 15. Ne4 Bf5
16. g4 Bxe4 17. Bxe4 b5 18. b3 bxc4 19. bxc4 a5 20. Rab1 Rxb1 21. Rxb1 Na6 22.
Rb7 Nb4 23. Bb1 Nc7 24. Qe4 Qc8 25. Rb6 Na8 26. Rb5 Qc7 27. e6 f5 28. gxf5 Rxf5
29. Nh4 Rf8 30. Bg5 Bd4 31. Nxg6 Rxf2 32. Kh1 Rf1+ 33. Kh2 Rxb1 34. Qxb1 hxg6
35. Qxg6+ Kh8 36. Qe8+ Kg7 37. Rb8 1-0

[Event "29. Torneo Collado Villalba 2012"]
[Site "Collado Villalba ESP"]
[Date "2012.08.29"]
[Round "6.4"]
[White "Martin Rueda, Daniel"]
[Black "Bermejo Arruego, Luis"]
[Result "0-1"]
[WhiteElo "2297"]
[BlackElo "2188"]
[PlyCount "34"]
[EventDate "2012.08.24"]
[EventType "swiss"]
[EventRounds "9"]
[EventCountry "ESP"]
[Source "lmi"]
[SourceDate "2012.08.24"]

1. d4 g6 2. e4 Bg7 3. Nc3 c5 4. d5 d6 5. f4 a6 6. a4 e6 7. Bc4 Nf6 8. dxe6 Bxe6
9. Bxe6 fxe6 10. e5 dxe5 11. Qxd8+ Kxd8 12. fxe5 Nfd7 13. Bg5+ Kc7 14. Ne4 Nc6
15. Nf3 Ncxe5 16. Bf4 Rhf8 17. Nxe5 Rxf4 0-1

[Event "29. Torneo Collado Villalba 2012"]
[Site "Collado Villalba ESP"]
[Date "2012.08.29"]
[Round "6.5"]
[White "Garcia Vicente, Nieves"]
[Black "Ginesta Caballero, Olga Lucia"]
[Result "1-0"]
[WhiteElo "2190"]
[BlackElo "2093"]
[PlyCount "91"]
[EventDate "2012.08.24"]
[EventType "swiss"]
[EventRounds "9"]
[EventCountry "ESP"]
[Source "lmi"]
[SourceDate "2012.08.24"]

1. d4 Nf6 2. c4 g6 3. Nc3 d5 4. cxd5 Nxd5 5. e4 Nxc3 6. bxc3 Bg7 7. Nf3 c5 8.
Be3 O-O 9. Rc1 cxd4 10. cxd4 b6 11. Bc4 Bb7 12. d5 Nd7 13. O-O Rc8 14. Qe2 Nf6
15. Bg5 Rc5 16. Rfd1 h6 17. Be3 Nxe4 18. Bxc5 Nxc5 19. Nd4 Bf6 20. Nc6 Qc7 21.
Nxa7 Bxd5 22. Bxd5 Qxa7 23. Qc2 Kg7 24. Bb3 h5 25. h3 Qa3 26. Qc4 Qa5 27. Rc2
e6 28. g3 Ra8 29. Rcd2 Ra7 30. Qe2 Rc7 31. Qf3 Qb4 32. Rc2 Qa3 33. Qe3 Ra7 34.
Kg2 Qa5 35. Rd6 Be7 36. Rd1 Bf6 37. Qf3 Qa3 38. g4 h4 39. Qe3 Ra5 40. Rc4 Nxb3
41. axb3 Rb5 42. Rd3 Qa8+ 43. Qf3 Qa1 44. Rc7 Rc5 45. Rxc5 bxc5 46. Rd7 1-0

[Event "29. Torneo Collado Villalba 2012"]
[Site "Collado Villalba ESP"]
[Date "2012.08.29"]
[Round "6.6"]
[White "Prieto Martin, Alfonso"]
[Black "Colas Longares, Rafael P"]
[Result "1-0"]
[WhiteElo "2146"]
[BlackElo "2336"]
[PlyCount "42"]
[EventDate "2012.08.24"]
[EventType "swiss"]
[EventRounds "9"]
[EventCountry "ESP"]
[Source "lmi"]
[SourceDate "2012.08.24"]

1. e4 c5 2. Nf3 Nc6 3. c3 Nf6 4. e5 Nd5 5. d4 cxd4 6. Bc4 Nb6 7. Bb3 d5 8. exd6
Qxd6 9. O-O d3 10. Na3 Bf5 11. Nb5 Qd7 12. Bf4 Rc8 13. Nxa7 Nxa7 14. Ne5 Qb5
15. a4 Qc5 16. Bxf7+ Kd8 17. Nxd3 Bxd3 18. Qxd3+ Nd7 19. Be3 Qc7 20. Rfd1 Nc6
21. Bb6 Nce5 1-0

[Event "29. Torneo Collado Villalba 2012"]
[Site "Collado Villalba ESP"]
[Date "2012.08.29"]
[Round "6.7"]
[White "Renteria, Jorge"]
[Black "Unciti Juan, Javier"]
[Result "1-0"]
[WhiteElo "2307"]
[BlackElo "2143"]
[PlyCount "115"]
[EventDate "2012.08.24"]
[EventType "swiss"]
[EventRounds "9"]
[EventCountry "ESP"]
[Source "lmi"]
[SourceDate "2012.08.24"]

1. d4 e6 2. c4 d5 3. Nc3 c5 4. cxd5 exd5 5. Nf3 Nc6 6. Bf4 Nf6 7. e3 cxd4 8.
Nxd4 Be7 9. Ndb5 O-O 10. Nc7 Bg4 11. f3 Be6 12. Nxa8 Qxa8 13. Bd3 Bc5 14. O-O
a6 15. Kh1 h6 16. Na4 Ba7 17. Rc1 g5 18. Bd6 Bxe3 19. Bxf8 Qxf8 20. Ra1 d4 21.
b3 b5 22. Nb2 Nd5 23. a4 Nc3 24. Qe1 Bxb3 25. axb5 axb5 26. Be4 Qc5 27. Nd3 Qc4
28. Nb2 Qe6 29. Bxc6 Qxc6 30. Nd3 Qc4 31. Ne5 Qe6 32. Ng4 b4 33. Qg3 Bf4 34.
Qh3 Kg7 35. Rfe1 Qd6 36. Re8 Ba2 37. Nxh6 Qxh6 38. Rg8+ Kxg8 39. Qxh6 b3 40.
Re1 Be3 41. Qb6 Na4 42. Qa7 b2 43. Qxa4 b1=Q 44. Rxb1 Bxb1 45. g3 Bg6 46. Kg2
Kh7 47. Qa7 Kh6 48. Qc5 Kh7 49. Qe5 Bd3 50. Qf6 Bc4 51. Qe5 Be6 52. g4 Kg6 53.
h4 gxh4 54. Kh3 Bf2 55. Qe2 Bg3 56. Qe4+ Kg5 57. Qxd4 f6 58. Qe3+ 1-0

[Event "29. Torneo Collado Villalba 2012"]
[Site "Collado Villalba ESP"]
[Date "2012.08.29"]
[Round "6.8"]
[White "Estrada Martinez, Cesar"]
[Black "Sanchez Gonzalez, Sergio"]
[Result "1/2-1/2"]
[WhiteElo "2111"]
[BlackElo "2273"]
[PlyCount "47"]
[EventDate "2012.08.24"]
[EventType "swiss"]
[EventRounds "9"]
[EventCountry "ESP"]
[Source "lmi"]
[SourceDate "2012.08.24"]

1. Nf3 Nf6 2. c4 e6 3. g3 d5 4. Bg2 c6 5. Qc2 Nbd7 6. d4 b6 7. O-O Ba6 8. cxd5
cxd5 9. Nc3 Be7 10. Bf4 b5 11. Ne5 Rc8 12. Nxd7 Qxd7 13. a3 O-O 14. Rfc1 Ne8
15. Qd2 Bb7 16. e4 a5 17. exd5 exd5 18. Qe2 b4 19. Nxd5 Rxc1+ 20. Rxc1 Bxd5 21.
Bxd5 bxa3 22. Bc6 Qd8 23. bxa3 Bxa3 24. Rd1 1/2-1/2

[Event "29. Torneo Collado Villalba 2012"]
[Site "Collado Villalba ESP"]
[Date "2012.08.29"]
[Round "6.9"]
[White "Lorite Cruz, Francisco"]
[Black "Gonzalez Mateos, Rafael"]
[Result "0-1"]
[WhiteElo "2039"]
[BlackElo "2161"]
[PlyCount "50"]
[EventDate "2012.08.24"]
[EventType "swiss"]
[EventRounds "9"]
[EventCountry "ESP"]
[Source "lmi"]
[SourceDate "2012.08.24"]

1. c4 e5 2. Nc3 f5 3. g3 d6 4. Bg2 Nf6 5. e3 c6 6. d4 Qc7 7. Nge2 Be7 8. b3 Be6
9. Bb2 Bf7 10. Rc1 Nbd7 11. Qd2 h5 12. h4 Ng4 13. Bh3 O-O-O 14. f3 Nh6 15. Nd5
cxd5 16. cxd5 Nc5 17. dxc5 dxc5 18. e4 Kb8 19. Rf1 f4 20. gxf4 Bxh4+ 21. Kd1
exf4 22. Bd4 b6 23. Qb2 Bxd5 24. Rxc5 bxc5 25. Be5 Rd6 0-1

[Event "29. Torneo Collado Villalba 2012"]
[Site "Collado Villalba ESP"]
[Date "2012.08.29"]
[Round "6.10"]
[White "Semprun Martinez, Fernando"]
[Black "Rasskin Friederichs, Ivan"]
[Result "0-1"]
[WhiteElo "2204"]
[BlackElo "2027"]
[PlyCount "64"]
[EventDate "2012.08.24"]
[EventType "swiss"]
[EventRounds "9"]
[EventCountry "ESP"]
[Source "lmi"]
[SourceDate "2012.08.24"]

1. e4 c5 2. Nf3 Nc6 3. d4 cxd4 4. Nxd4 Nf6 5. Nc3 e5 6. Ndb5 d6 7. Bg5 a6 8.
Na3 Be6 9. Nc4 Rc8 10. Bxf6 gxf6 11. Ne3 Ne7 12. Qf3 Qa5 13. Bd3 Rxc3 14. bxc3
Qxc3+ 15. Ke2 Nc6 16. Qxf6 Nd4+ 17. Kd1 Qxa1+ 18. Kd2 Qxh1 19. Qxh8 Qxh2 20.
Nd5 Bxd5 21. exd5 Qh6+ 22. Kc3 f5 23. g4 Qg7 24. Qxg7 Bxg7 25. gxf5 Kd7 26. f6
Bxf6 27. Bxh7 Bh4 28. f4 Ne2+ 29. Kd3 Nxf4+ 30. Ke4 Kc7 31. Bf5 b5 32. a3 Bf2
0-1

[Event "29. Torneo Collado Villalba 2012"]
[Site "Collado Villalba ESP"]
[Date "2012.08.29"]
[Round "6.11"]
[White "Cao Armillas, Jesus"]
[Black "Baeza Escudero, Javier"]
[Result "1/2-1/2"]
[WhiteElo "2163"]
[BlackElo "2000"]
[PlyCount "113"]
[EventDate "2012.08.24"]
[EventType "swiss"]
[EventRounds "9"]
[EventCountry "ESP"]
[Source "lmi"]
[SourceDate "2012.08.24"]

1. d4 d5 2. c4 e6 3. Nc3 Nf6 4. Nf3 Be7 5. Bg5 O-O 6. e3 b6 7. Rc1 Bb7 8. Bd3
dxc4 9. Bxc4 Nbd7 10. O-O c5 11. Qe2 Ne4 12. Bf4 Nxc3 13. bxc3 Bxf3 14. Qxf3
Nf6 15. Rfd1 Qe8 16. e4 b5 17. Bd3 c4 18. Bc2 a5 19. Qh3 g6 20. Bh6 Qc6 21.
Bxf8 Bxf8 22. Qf3 Bg7 23. Rb1 Rb8 24. Rb2 Ne8 25. Qf4 Rb6 26. Rdb1 b4 27. e5
Bf8 28. Be4 Qd7 29. Qe3 Rb8 30. Rd1 Nc7 31. Qe2 Nb5 32. Qxc4 Rc8 33. Qd3 Rxc3
34. Qd2 Rc4 35. Qe2 Rxd4 36. Rxd4 Qxd4 37. Bf3 Nc3 38. Qe1 Bg7 39. Rd2 Qb6 40.
Rd6 Qc7 41. a3 h5 42. axb4 axb4 43. g3 Qc5 44. Qd2 Qxe5 45. Rd8+ Kh7 46. Bd1
Qc5 47. Bc2 Nd5 48. Qd1 Nf6 49. h3 Qg5 50. h4 Qe5 51. Kg2 Nd5 52. Rd7 Kg8 53.
Rd8+ Bf8 54. Bb3 Nf6 55. Qd2 Kg7 56. Rxf8 Kxf8 57. Qxb4+ 1/2-1/2

[Event "29. Torneo Collado Villalba 2012"]
[Site "Collado Villalba ESP"]
[Date "2012.08.29"]
[Round "6.12"]
[White "Martinez De Miguel, Pedro"]
[Black "Saez Gabikagogeaskoa, Oscar"]
[Result "1-0"]
[WhiteElo "2121"]
[BlackElo "1989"]
[PlyCount "65"]
[EventDate "2012.08.24"]
[EventType "swiss"]
[EventRounds "9"]
[EventCountry "ESP"]
[Source "lmi"]
[SourceDate "2012.08.24"]

1. e4 c5 2. Nf3 Nc6 3. d4 cxd4 4. Nxd4 Nf6 5. Nc3 e5 6. Ndb5 d6 7. Bg5 a6 8.
Na3 b5 9. Nd5 Be7 10. Bxf6 Bxf6 11. c3 O-O 12. g3 Bg5 13. Bg2 Rb8 14. O-O a5
15. Nc2 b4 16. f4 exf4 17. gxf4 Bh6 18. Nce3 bxc3 19. bxc3 Rb2 20. Qh5 Ba6 21.
Nf5 Rxg2+ 22. Kxg2 Bxf1+ 23. Rxf1 Kh8 24. Rf3 Qb8 25. Nxh6 gxh6 26. Rg3 Qb1 27.
Qf5 f6 28. a4 Qb2+ 29. Kh3 Qb8 30. Qd7 Qc8 31. Rg7 Qxd7+ 32. Rxd7 Rd8 33. Rc7
1-0

[Event "29. Torneo Collado Villalba 2012"]
[Site "Collado Villalba ESP"]
[Date "2012.08.29"]
[Round "6.13"]
[White "Draghici Flutur, Gavril"]
[Black "Lopez Ziegler, Carlos"]
[Result "1-0"]
[WhiteElo "2099"]
[BlackElo "1918"]
[PlyCount "63"]
[EventDate "2012.08.24"]
[EventType "swiss"]
[EventRounds "9"]
[EventCountry "ESP"]
[Source "lmi"]
[SourceDate "2012.08.24"]

1. e4 Nf6 2. e5 Nd5 3. c4 Nb6 4. d4 d6 5. exd6 cxd6 6. Nc3 g6 7. Be3 Bg7 8. Rc1
Nc6 9. d5 Ne5 10. Be2 O-O 11. b3 h5 12. h3 e6 13. dxe6 Bxe6 14. Nf3 Rc8 15. Nd4
d5 16. Nxe6 fxe6 17. cxd5 Nxd5 18. Nxd5 Qa5+ 19. Bd2 Qxd5 20. O-O Rcd8 21. Bb4
Rf7 22. Qc2 Nc6 23. Bc3 Bxc3 24. Qxc3 Qd4 25. Qg3 Qe4 26. Bf3 Qf4 27. Qxg6+ Rg7
28. Qxe6+ Kh8 29. Qe4 Qg5 30. Rcd1 Rf8 31. Rd5 Qf6 32. Rxh5+ 1-0

[Event "29. Torneo Collado Villalba 2012"]
[Site "Collado Villalba ESP"]
[Date "2012.08.29"]
[Round "6.14"]
[White "Velasco Garcia, Jorge Juan"]
[Black "Garcia Galeote, Lorenzo"]
[Result "0-1"]
[WhiteElo "1920"]
[BlackElo "2025"]
[PlyCount "86"]
[EventDate "2012.08.24"]
[EventType "swiss"]
[EventRounds "9"]
[EventCountry "ESP"]
[Source "lmi"]
[SourceDate "2012.08.24"]

1. d4 b6 2. Nf3 Bb7 3. Nbd2 e6 4. e4 g6 5. Bd3 Bg7 6. O-O Ne7 7. Re1 O-O 8. c3
d6 9. Nc4 Nd7 10. Bg5 h6 11. Bh4 Nf6 12. e5 Ne8 13. a4 Qd7 14. a5 b5 15. Bxe7
Qxe7 16. Ncd2 a6 17. c4 bxc4 18. Nxc4 Bxf3 19. Qxf3 d5 20. Ne3 c5 21. dxc5 Qxc5
22. Qe2 Bxe5 23. Nxd5 Bxh2+ 24. Kxh2 Qxd5 25. Kg1 Qg5 26. Rec1 Nf6 27. b4 Nd5
28. Rc5 Rfb8 29. Rb1 Qf6 30. Be4 Nc3 31. Rxc3 Qxc3 32. Bxa8 Rxa8 33. Qe4 Rb8
34. Qf4 Rb5 35. Qxh6 Rb8 36. Qf4 e5 37. Qh6 Qd4 38. Qh3 Kg7 39. Qb3 Rb5 40. Qb2
Kf6 41. Kf1 Qd3+ 42. Ke1 Rd5 43. Rc1 Rd4 0-1

[Event "29. Torneo Collado Villalba 2012"]
[Site "Collado Villalba ESP"]
[Date "2012.08.29"]
[Round "6.15"]
[White "Martin Carmona, Gaston Manuel"]
[Black "Martinez Alvira, Santiago"]
[Result "0-1"]
[WhiteElo "1779"]
[BlackElo "2000"]
[PlyCount "108"]
[EventDate "2012.08.24"]
[EventType "swiss"]
[EventRounds "9"]
[EventCountry "ESP"]
[Source "lmi"]
[SourceDate "2012.08.24"]

1. e4 g6 2. Nf3 Bg7 3. d4 d6 4. Nc3 c5 5. Be3 cxd4 6. Nxd4 Nf6 7. f3 Nc6 8. Qd2
Bd7 9. O-O-O Qa5 10. Kb1 a6 11. g4 b5 12. g5 Nh5 13. Nd5 Qxd2 14. Rxd2 Nxd4 15.
Bxd4 Bxd4 16. Rxd4 Rc8 17. Nb6 Rc5 18. Nxd7 Kxd7 19. h4 h6 20. a4 Ng3 21. Rg1
Nxf1 22. Rxf1 hxg5 23. hxg5 Rh2 24. c3 Rxg5 25. f4 Rgg2 26. Rb4 Kc6 27. axb5+
axb5 28. e5 d5 29. Ka2 Kc5 30. Ka3 e6 31. Rd1 Rd2 32. Rf1 Rh3 33. Ka2 d4 34.
Rxd4 Rxd4 35. cxd4+ Kxd4 36. b3 b4 37. Rd1+ Rd3 38. Rc1 Ke3 39. Rc7 Kxf4 40.
Rxf7+ Kxe5 41. Rg7 Kf6 42. Rb7 Rd4 43. Rc7 g5 44. Rc5 g4 45. Rc2 g3 46. Rg2 Rg4
47. Kb2 Kf5 48. Kc2 Ke4 49. Kd2 Kf3 50. Rg1 g2 51. Ke1 Re4+ 52. Kd2 Kf2 53. Ra1
g1=Q 54. Rxg1 Kxg1 0-1

[Event "29. Torneo Collado Villalba 2012"]
[Site "Collado Villalba ESP"]
[Date "2012.08.29"]
[Round "6.16"]
[White "Pastor Alonso de Prado, Alberto"]
[Black "Anula Nieto, Carlos"]
[Result "1-0"]
[WhiteElo "2172"]
[BlackElo "1900"]
[PlyCount "115"]
[EventDate "2012.08.24"]
[EventType "swiss"]
[EventRounds "9"]
[EventCountry "ESP"]
[Source "lmi"]
[SourceDate "2012.08.24"]

1. e4 d5 2. exd5 Qxd5 3. Nc3 Qd6 4. d4 Nf6 5. Nf3 c6 6. Bc4 Bg4 7. Be3 e6 8. h3
Bh5 9. Qe2 Nbd7 10. O-O-O O-O-O 11. g4 Bg6 12. Ne5 Nd5 13. Bd2 N7b6 14. Bd3 Qc7
15. Bxg6 fxg6 16. Ne4 Re8 17. Ba5 Be7 18. c4 Bb4 19. Bxb6 Nxb6 20. c5 Nd5 21.
Nd6+ Kb8 22. Nxe8 Rxe8 23. a3 Qa5 24. Nc4 Qa6 25. axb4 Nxb4 26. Qe5+ Ka8 27.
Na3 Nd3+ 28. Rxd3 Qxd3 29. Qe3 Qa6 30. Kb1 b5 31. cxb6 axb6 32. Rc1 b5 33. Nc2
Qa4 34. b3 Qa5 35. Kb2 Kb7 36. Ra1 Qb6 37. Qe5 Re7 38. Nb4 Rd7 39. Kc3 Rf7 40.
f4 Rd7 41. Ra6 Qd8 42. Rxc6 Qa5 43. Ra6 Rc7+ 44. Kb2 Qxb4 45. Ra7+ Kxa7 46.
Qxc7+ Ka6 47. Qc6+ Ka7 48. Qc5+ Qxc5 49. dxc5 b4 50. Kc2 Ka6 51. Kd3 Kb5 52.
Kd4 g5 53. fxg5 e5+ 54. Kd5 e4 55. Kxe4 Kxc5 56. Ke5 Kc6 57. Kd4 Kb5 58. Kd5
1-0

[Event "29. Torneo Collado Villalba 2012"]
[Site "Collado Villalba ESP"]
[Date "2012.08.29"]
[Round "6.17"]
[White "Erice Alonso, Santiago"]
[Black "Hernandez Yañez, Javier"]
[Result "1/2-1/2"]
[WhiteElo "2011"]
[BlackElo "1952"]
[PlyCount "61"]
[EventDate "2012.08.24"]
[EventType "swiss"]
[EventRounds "9"]
[EventCountry "ESP"]
[Source "lmi"]
[SourceDate "2012.08.24"]

1. e4 e6 2. Nf3 d5 3. e5 c5 4. b4 Qc7 5. bxc5 Bxc5 6. d4 Bb6 7. Bb2 Nc6 8. c3
f6 9. Bb5 Bd7 10. O-O Nge7 11. Re1 fxe5 12. dxe5 O-O 13. c4 Na5 14. Nbd2 Bxb5
15. cxb5 Qd7 16. Qe2 Nf5 17. Rac1 Rac8 18. Qd3 Rxc1 19. Rxc1 Rc8 20. Rxc8+ Qxc8
21. g4 Nh6 22. h3 Nf7 23. Qc3 Nc4 24. Nb3 Qc7 25. Ba1 h6 26. Kg2 Qe7 27. Qe1
Ng5 28. Bd4 Bc7 29. Nbd2 Nxd2 30. Qxd2 Nxf3 31. Kxf3 1/2-1/2

[Event "29. Torneo Collado Villalba 2012"]
[Site "Collado Villalba ESP"]
[Date "2012.08.29"]
[Round "6.18"]
[White "Perez Cameselle, Francisco"]
[Black "Garcia Saez, Juan Carlos"]
[Result "0-1"]
[WhiteElo "1843"]
[BlackElo "2004"]
[PlyCount "62"]
[EventDate "2012.08.24"]
[EventType "swiss"]
[EventRounds "9"]
[EventCountry "ESP"]
[Source "lmi"]
[SourceDate "2012.08.24"]

1. e4 c6 2. d3 e5 3. Nf3 Qc7 4. g3 d5 5. Bg2 Bg4 6. h3 Bh5 7. O-O Nf6 8. Qe2
Nbd7 9. Nbd2 Bc5 10. Re1 dxe4 11. dxe4 O-O 12. a4 a6 13. g4 Bg6 14. Nh4 Rad8
15. Nf1 Rfe8 16. Ng3 Nf8 17. Nhf5 Ne6 18. Be3 Nf4 19. Qf3 Bxe3 20. Qxe3 Rd7 21.
Rad1 Red8 22. Rxd7 Qxd7 23. b3 Qd2 24. Qxd2 Rxd2 25. Rc1 Bxf5 26. gxf5 h5 27.
Nf1 Re2 28. Ng3 h4 29. Bf1 Rd2 30. Nh1 Nxe4 31. Re1 Ng5 0-1

[Event "29. Torneo Collado Villalba 2012"]
[Site "Collado Villalba ESP"]
[Date "2012.08.29"]
[Round "6.19"]
[White "Torres Samper, Rafael"]
[Black "Garcia-Sanchez Navarro, Mariano"]
[Result "1-0"]
[WhiteElo "2000"]
[BlackElo "1502"]
[PlyCount "59"]
[EventDate "2012.08.24"]
[EventType "swiss"]
[EventRounds "9"]
[EventCountry "ESP"]
[Source "lmi"]
[SourceDate "2012.08.24"]

1. e4 e5 2. Nf3 Nc6 3. Nc3 Nf6 4. Bb5 Bc5 5. Nxe5 Bxf2+ 6. Kxf2 Nxe5 7. Rf1
Nfg4+ 8. Kg1 Qh4 9. h3 Qg3 10. hxg4 Nxg4 11. Rf3 Qh2+ 12. Kf1 Qh1+ 13. Ke2
Qxg2+ 14. Kd3 Nf2+ 15. Rxf2 Qxf2 16. Qe2 Qg1 17. b3 c5 18. Qe3 Qf1+ 19. Qe2 Qf6
20. Qe3 a6 21. Bc4 d6 22. Bb2 O-O 23. Na4 Qh4 24. Nb6 Rb8 25. Rg1 g6 26. Nd5
Be6 27. Bf6 Qxf6 28. Nxf6+ Kh8 29. Qh6 Bxc4+ 30. bxc4 1-0

[Event "29. Torneo Collado Villalba 2012"]
[Site "Collado Villalba ESP"]
[Date "2012.08.29"]
[Round "6.20"]
[White "Herrero Corada, Jose Ignacio"]
[Black "Serrano Martinez, Francisco Jose"]
[Result "1/2-1/2"]
[WhiteElo "1850"]
[BlackElo "1958"]
[PlyCount "49"]
[EventDate "2012.08.24"]
[EventType "swiss"]
[EventRounds "9"]
[EventCountry "ESP"]
[Source "lmi"]
[SourceDate "2012.08.24"]

1. e4 c5 2. d4 cxd4 3. c3 Nf6 4. e5 Nd5 5. Nf3 e6 6. cxd4 Nc6 7. Nc3 Bb4 8. Bd2
Qa5 9. Nxd5 Qxd5 10. Be2 d6 11. Bxb4 Nxb4 12. Qa4+ Nc6 13. O-O dxe5 14. dxe5
O-O 15. Rfd1 Qc5 16. Qe4 Qe7 17. Rac1 Bd7 18. Rxd7 Qxd7 19. Ng5 g6 20. Qh4 f5
21. exf6 Rxf6 22. Ne4 Rf7 23. Nf6+ Rxf6 24. Qxf6 Rf8 25. Qg5 1/2-1/2